000 00771cam a22002653a 4500
001 91
003 PGUSA
005 20140828082943.0
008 040914s2004||||xxu|||||s|||||000 1 eng d
040 _aPGUSA
_beng
042 _adc
050 4 _aPS
100 1 _aTwain, Mark,
_d1835-1910
245 1 0 _aTom Sawyer Abroad
_h[electronic resource] /
_cMark Twain
260 _bProject Gutenberg,
_c2004
506 _aPublic domain in the USA.
516 _aElectronic text
653 _aAmericans -- Foreign countries -- Fiction
653 _aBalloon ascensions -- Fiction
653 _aAdventure stories
653 _aSawyer, Tom (Fictitious character) -- Fiction
830 0 _aProject Gutenberg
_v91
856 4 0 _uhttp://www.gutenberg.org/ebooks/91
942 _cEB
999 _c229462
_d229462